| 000 | 00337 a2200145 4500 | ||
|---|---|---|---|
| 001 | 154308 | ||
| 040 | _cEscola São Tomás de Aquino | ||
| 100 | _aIRVINE, Alex | ||
| 240 | 1 | 0 |
_aAs aventuras de Tintim _lpor |
| 245 | 1 | 0 | _aAs aventuras de Tintim |
| 300 | _a230 | ||
| 362 | 0 | _a2012 | |
| 697 | _a*LITERATURA INFANTO JUVENIL | ||
| 942 | _cBK | ||
| 999 |
_c154308 _d154308 |
||